000 00620nam a2200229 i 4500
001 bgj
100 1 _aKÜRNBERGER, Ferdinand.
245 1 0 _aFeuilletons /
_cFerdinand Kürnberger ; Ausgewählt und eingeleitet von Karl Riha.
260 _aFrankfurt am Main :
_bInsel Verlag,
_c1967.
300 _a187, [1] s. ;
_c18 cm.
490 1 _aSammlung Insel
_v30
504 _aBibliogr. s. [188].
650 9 _aJęzykoznawstwo
700 1 _aRIHA, Karl.
830 _aSammlung Insel
040 _cBPK
041 0 _ager
044 _aDEU
080 _a81'1
942 _cKS
008 s gw f |000 0 ger
999 _c50600
_d50600